000 00681nam a2200241Ia 4500
001 dia_2507
003 CHAP
005 20240125133854.0
008 220117s2002 xx 000 0 und d
010 _a173029
040 _cCHAP
082 _a576.163 R6
100 _aRobinson, Richard K.
_998012
245 _aDairy Microbiology Handbook /
_c By Richard K. Robinson
260 _aNew York :
_b John Wiley And Sons,
_c2002
300 _a765 P
500 _aI.217486
600 _a1.MicrobiologĂ­a-Alimento/ 2.MicrobiologĂ­a
_9153021
901 _a576.163 R6
902 _aM
905 _a0000002002 NY A 0000000000ING00
942 _cLIBRO
_2ddc
999 _c173029
_d173029